5HLuxD.jpg

KING HENRY VIII SENIOR AND PRIMARY SCHOOL LIBRARY OPAC

THERE'S A UNICORN IN YOUR BOOK (Record no. 4764)

000 -LEADER
fixed length control field 00301nam a22001217a 4500
008 - FIXED-LENGTH DATA ELEMENTS--GENERAL INFORMATION
fixed length control field 250320b ||||| |||| 00| 0 eng d
020 ## - INTERNATIONAL STANDARD BOOK NUMBER
International Standard Book Number 9780241616741
082 ## - DEWEY DECIMAL CLASSIFICATION NUMBER
Classification number 823.92 FLE
100 ## - MAIN ENTRY--PERSONAL NAME
Personal name FLETCHER,TOM
Relator term AUTHOR
245 ## - TITLE STATEMENT
Title THERE'S A UNICORN IN YOUR BOOK
260 ## - PUBLICATION, DISTRIBUTION, ETC.
Name of publisher, distributor, etc. Puffin Books 2022
942 ## - ADDED ENTRY ELEMENTS (KOHA)
Source of classification or shelving scheme
Holdings
Withdrawn status Lost status Source of classification or shelving scheme Damaged status Not for loan Collection code Permanent Location Current Location Shelving location Date acquired Total Checkouts Full call number Barcode Date due Date last seen Date last checked out Price effective from Koha item type Public note
          Fiction KH8 Primary School Library KH8 Primary School Library Fiction 2025-03-20 8 E FIC FLE KHPL000006597 2026-04-15 2026-04-07 2026-04-07 2025-03-20 Books - Fiction KH8 PRIMARY LIBRARY

Powered By KH8 IT Dept